Loading...
Bheemasenan
| Hovedforfatter: | |
|---|---|
| Andre forfattere: | |
| Format: | Printed Book |
| Sprog: | Undetermined |
| Udgivet: |
Kottayam
DC books
2007
|
| Udgivelse: | 3 |
| Fag: |
| LEADER | 00560nam a2200193Ia 4500 | ||
|---|---|---|---|
| 008 | 140316s9999 xx 000 0 und d | ||
| 020 | |a 8126409061 | ||
| 082 | |a 813.1 |b MUN/BH | ||
| 100 | |a Munshi,K M | ||
| 245 | |a Bheemasenan | ||
| 250 | |a 3 | ||
| 260 | |a Kottayam |b DC books |c 2007 | ||
| 300 | |a 194 | ||
| 650 | |a Novel | ||
| 650 | |a Novel | ||
| 700 | |a K.M,Munshi | ||
| 942 | |2 ddc |c BK | ||
| 999 | |c 9653 |d 9653 | ||
| 952 | |0 0 |1 0 |2 ddc |4 0 |6 813_100000000000000_MUNBH |7 0 |9 10850 |a KAUCLV |b KAUCLV |c GENERAL |d 2014-03-18 |l 3 |o 813.1 MUN/BH |p 218030 |r 2019-03-07 |s 2019-02-07 |w 2014-03-18 |y BK | ||